Суровая летопись: повести; Усть-Чулым; Обь - река глубокая; На Тояновом бугре; Старик Фан и его деревня
| Autor principal: | |
|---|---|
| Resumo: | В книгу сибирской писательницы Любови Асеевой входят четыре коротких повести о таежных людях, с которыми ей довелось жить на лесозаготовках, в геологических партиях, на рыбных промыслах. Жизнь таежников далека от праздничной романтичности и экзотики, скорее наоборот, она полна тревоги, мужества и упорного повседневного труда. |
| Idioma: | russo |
| Publicado em: |
Москва, Современник, 1979
|
| TOC: | Усть-Чулым; Обь - река глубокая; На Тояновом бугре; Старик Фан и его деревня; |
| coleção: | Новинки "Современника" |
| Assuntos: | |
| Formato: | Livro |
| KOHA link: | https://koha.lib.tpu.ru/cgi-bin/koha/opac-detail.pl?biblionumber=123804 |
MARC
| LEADER | 00000nam0a2200000 4500 | ||
|---|---|---|---|
| 001 | 123804 | ||
| 005 | 20231101215828.0 | ||
| 035 | |a (RuTPU)RU\TPU\book\133993 | ||
| 090 | |a 123804 | ||
| 100 | |a 20071024d1979 m y0rusy50 ca | ||
| 101 | 0 | |a rus | |
| 102 | |a RU | ||
| 105 | |a y z 000ay | ||
| 200 | 1 | |a Суровая летопись |e повести |f Л. П. Асеева | |
| 210 | |a Москва |c Современник |d 1979 | ||
| 215 | |a 332 с. | ||
| 225 | 1 | |a Новинки "Современника" | |
| 318 | |5 63413507 |a "Томск - любовь моя и судьба" - творчество писателей-томичей |b выставка | ||
| 330 | |a В книгу сибирской писательницы Любови Асеевой входят четыре коротких повести о таежных людях, с которыми ей довелось жить на лесозаготовках, в геологических партиях, на рыбных промыслах. Жизнь таежников далека от праздничной романтичности и экзотики, скорее наоборот, она полна тревоги, мужества и упорного повседневного труда. | ||
| 464 | |t Усть-Чулым | ||
| 464 | |t Обь - река глубокая | ||
| 464 | |t На Тояновом бугре | ||
| 464 | |t Старик Фан и его деревня | ||
| 606 | 1 | |a Русская литература современная |2 stltpush |3 (RuTPU)RU\TPU\subj\26373 |9 50316 | |
| 610 | 1 | |a советская литература | |
| 610 | 1 | |a повести | |
| 610 | 1 | |a проза | |
| 675 | |a Р2 |v 3 | ||
| 700 | 1 | |a Асеева |b Л. П. |g Любовь Прокопьевна | |
| 801 | 1 | |a RU |b 63413507 |c 20071024 |g PSBO | |
| 801 | 2 | |a RU |b 63413507 |c 20221007 |g PSBO | |
| 942 | |c BK | ||